Piłka nożna - FC Barcelona - transfery - Statystyki

Ogólne statystyki
  • Ten quiz został rozwiązany 800 razy
  • Średni wynik to 11 z 15
Statystyki odpowiedzi
miejsce kwota sezon klub oddający zawodnik % Poprawnych
4. 88,00 mln € 13/14 Santos Neymar
96%
2. 135,00 mln € 17/18 Borussia Dortmund Ousmane Dembele
89%
5. 86,00 mln € 19/20 Ajax Amsterdam Frenkie de Jong
87%
1. 135,00 mln € 17/18 Liverpool FC Philippe Coutinho
87%
13. 45,00 mln € 22/23 Bayern Monachium Robert Lewandowski
85%
3. 120,00 mln € 19/20 Atletico Madryt Antoine Griezmann
84%
6. 81,72 mln € 14/15 Liverpool FC Luis Suarez
80%
10. 55,00 mln € 24/25 RB Leipzig Dani Olmo
77%
9. 58,00 mln € 22/23 Leeds United Raphinha
74%
12. 50,00 mln € 22/23 Sevilla FC Jules Kounde
70%
11. 55,00 mln € 21/22 Manchester City Ferran Torres
65%
8. 60,00 mln € 20/21 Juventus Turyn Miralem Pjanić
54%
7. 69,50 mln € 09/10 Inter Mediolan Zlatan Ibrahimović
54%
15. 40,00 mln € 10/11 Valencia CF David Villa
42%
14. 41,00 mln € 18/19 Girondins Bordeaux Malcom
22%
Nie znaleziono quizów pasujących do podanych kryteriów
Rozkład punktacji
Procent ludzi z każdym wynikiem
Percentyl według liczby udzielonych odpowiedzi
Twoja historia wyników
Nie rozwiązałeś tego quizu